[Event "27. ekipno prvenstvo RH - I.B"]
[Site "Biograd, Hotel Adria"]
[Date "2018.09.21"]
[Round "7.45"]
[White "Tomulic, Teo"]
[Black "Brumen, Dinko"]
[Result "0-1"]
[WhiteElo "2264"]
[BlackElo "2315"]
[PlyCount "78"]
[EventDate "2018.09.15"]
[WhiteTeam "AŠK JUNIOR Rijeka"]
[BlackTeam "HAŠK MLADOST Zagreb"]

1. e4 c5 2. Nf3 Nc6 3. Bb5 Nf6 4. Nc3 e6 5. O-O Nd4 6. Bc4 d5 7. exd5 exd5 8.
Nxd4 dxc4 9. Qe2+ Qe7 10. Ndb5 Qxe2 11. Nxe2 Kd8 12. d4 a6 13. Nbc3 Bf5 14. b3
Rc8 15. bxc4 Bxc2 16. Be3 cxd4 17. Bxd4 Bc5 18. Bxf6+ gxf6 19. Rac1 Bg6 20. Nf4
Rc6 21. Ncd5 Re8 22. Rfe1 Rxe1+ 23. Rxe1 Bd6 24. Nxg6 hxg6 25. Nxf6 Rxc4 26. g3
Rc2 27. Re8+ Kc7 28. Nd5+ Kd7 29. Nf6+ Kc6 30. Rc8+ Bc7 31. h4 b5 32. a3 a5 33.
Re8 b4 34. axb4 axb4 35. Re1 b3 36. Rb1 b2 37. Kg2 Be5 38. Ne4 f5 39. Rc1
bxc1=Q 0-1

[Event "27. ekipno prvenstvo RH - I.B"]
[Site "Biograd, Hotel Adria"]
[Date "2018.09.21"]
[Round "7.46"]
[White "Blazeka, Matej"]
[Black "Safar, Sandro"]
[Result "1-0"]
[WhiteElo "2354"]
[BlackElo "2214"]
[PlyCount "119"]
[EventDate "2018.09.15"]
[WhiteTeam "HAŠK MLADOST Zagreb"]
[BlackTeam "AŠK JUNIOR Rijeka"]

1. e4 c5 2. Nf3 Nc6 3. Bb5 g6 4. Bxc6 dxc6 5. h3 Bg7 6. d3 e5 7. Nc3 Qe7 8. Be3
Nf6 9. Qd2 Nd7 10. Bh6 f6 11. Bxg7 Qxg7 12. Ne2 Nf8 13. Nh4 Ne6 14. O-O-O Bd7
15. f4 exf4 16. Nxf4 Qh6 17. g3 Nxf4 18. Qxf4 Qxf4+ 19. gxf4 Ke7 20. Rdf1 Rhg8
21. f5 g5 22. Ng2 h5 23. h4 g4 24. Nf4 Be8 25. Rhg1 Bf7 26. Rg3 a5 27. c3 a4
28. Kb1 b5 29. Ng6+ Kd6 30. Nf4 a3 31. b3 c4 32. d4 cxb3 33. axb3 c5 34. Ka2
cxd4 35. cxd4 Rgc8 36. Rf2 Rc1 37. e5+ Ke7 38. e6 Be8 39. Nd5+ Kd6 40. Nxf6 Bc6
41. d5 Ke5 42. Nxh5 Bxd5 43. Nf4 Be4 44. Nd3+ Bxd3 45. Rxd3 Kf6 46. Rg3 Rg8 47.
Kxa3 b4+ 48. Kxb4 Rb8+ 49. Ka3 Ra8+ 50. Kb2 Rca1 51. Rf4 R1a2+ 52. Kc3 Rc8+ 53.
Kd3 Rd8+ 54. Kc3 Rc8+ 55. Rc4 Rxc4+ 56. Kxc4 Kxf5 57. Re3 g3 58. e7 g2 59. e8=Q
Rc2+ 60. Kb4 1-0

[Event "27. ekipno prvenstvo RH - I.B"]
[Site "Biograd, Hotel Adria"]
[Date "2018.09.21"]
[Round "7.51"]
[White "Srbis, Jurica"]
[Black "Ruck, Robert"]
[Result "1/2-1/2"]
[WhiteElo "2428"]
[BlackElo "2502"]
[PlyCount "28"]
[EventDate "2018.09.15"]
[WhiteTeam "ŠŠK PODRAVKA Koprivnica"]
[BlackTeam "ŠK ĐURO ĐAKOVIĆ Slavonski Brod"]

1. d4 Nf6 2. Nf3 g6 3. Bg5 Bg7 4. Nbd2 O-O 5. e3 d5 6. Be2 Nbd7 7. c4 c5 8.
cxd5 Nxd5 9. Rc1 cxd4 10. Nxd4 Qa5 11. N4b3 Qd8 12. Nc4 N5b6 13. O-O Nxc4 14.
Rxc4 Nb6 1/2-1/2

[Event "27. ekipno prvenstvo RH - I.B"]
[Site "Biograd, Hotel Adria"]
[Date "2018.09.21"]
[Round "7.52"]
[White "Horvath, Adam"]
[Black "Ostovic, Matija"]
[Result "1-0"]
[WhiteElo "2481"]
[BlackElo "2390"]
[PlyCount "65"]
[EventDate "2018.09.15"]
[WhiteTeam "ŠK ĐURO ĐAKOVIĆ Slavonski Brod"]
[BlackTeam "ŠŠK PODRAVKA Koprivnica"]

1. e4 c5 2. Nf3 d6 3. d4 cxd4 4. Nxd4 Nf6 5. Nc3 a6 6. Be2 e5 7. Nb3 Be7 8. Be3
Be6 9. Qd3 O-O 10. Nd5 Nbd7 11. O-O Rc8 12. c4 b5 13. cxb5 axb5 14. Rfd1 Bxd5
15. exd5 Rc4 16. Qd2 Rh4 17. Na5 Ne4 18. Nc6 Qe8 19. Qc2 f5 20. g3 Rh3 21.
Nxe7+ Qxe7 22. Kg2 Ndf6 23. Kxh3 f4 24. Bb6 Qd7+ 25. Kg2 Ng5 26. Kh1 Nfe4 27.
gxf4 exf4 28. Rg1 Qf5 29. Bd3 Qxd5 30. Bxe4 Nxe4 31. f3 Nd2 32. Qc3 g6 33. Rgd1
1-0

[Event "27. ekipno prvenstvo RH - I.B"]
[Site "Biograd, Hotel Adria"]
[Date "2018.09.21"]
[Round "7.53"]
[White "Ivekovic, Zvonimir"]
[Black "Dabo-Peranic, Robert"]
[Result "0-1"]
[WhiteElo "2424"]
[BlackElo "2284"]
[PlyCount "120"]
[EventDate "2018.09.15"]
[WhiteTeam "ŠŠK PODRAVKA Koprivnica"]
[BlackTeam "ŠK ĐURO ĐAKOVIĆ Slavonski Brod"]

1. e4 e5 2. Nf3 Nc6 3. d4 exd4 4. Nxd4 Nf6 5. Nxc6 bxc6 6. e5 Qe7 7. Qe2 Nd5 8.
c4 Nb6 9. Nc3 Qe6 10. Bd2 d6 11. c5 dxc5 12. f4 Qg6 13. Qf3 Bg4 14. Qf2 h5 15.
Ba6 h4 16. O-O h3 17. g3 Bf5 18. Qf3 Rd8 19. e6 fxe6 20. Qxc6+ Kf7 21. Be3 Bd3
22. Bxd3 Qxd3 23. Rae1 Nd5 24. f5 exf5 25. Bg5 Rd6 26. Qe8+ Kg8 27. Rd1 Nf6 28.
Qa4 Qa6 29. Qxa6 Rxa6 30. Rxf5 Rh5 31. Rdf1 Nh7 32. Be3 Rxf5 33. Rxf5 Re6 34.
Kf2 g6 35. Rf4 Nf6 36. Ra4 a6 37. Kf3 Kf7 38. Rh4 Rb6 39. b3 Rb4 40. Bg5 c6 41.
Bxf6 Kxf6 42. Rh8 Kg7 43. Rh4 Rxh4 44. gxh4 Kf6 45. Ne4+ Kf5 46. Ng5 Bd6 47.
Nxh3 Bxh2 48. Nf2 Bd6 49. Ne4 Be7 50. Ng3+ Ke5 51. Kg4 c4 52. Ne2 cxb3 53. axb3
Ke4 54. Nf4 Bxh4 55. Nxg6 Bf6 56. Nf4 c5 57. Ne6 Bd4 58. Nc7 a5 59. Nb5 Kd3 60.
Nd6 Bc3 0-1

[Event "27. ekipno prvenstvo RH - I.B"]
[Site "Biograd, Hotel Adria"]
[Date "2018.09.21"]
[Round "7.54"]
[White "Martic, Zlatko"]
[Black "Mathe, Gaspar"]
[Result "1-0"]
[WhiteElo "2244"]
[BlackElo "2308"]
[PlyCount "83"]
[EventDate "2018.09.15"]
[WhiteTeam "ŠK ĐURO ĐAKOVIĆ Slavonski Brod"]
[BlackTeam "ŠŠK PODRAVKA Koprivnica"]

1. Nf3 Nf6 2. d4 e6 3. Bf4 b6 4. e3 Be7 5. h3 Bb7 6. Nbd2 d5 7. Bd3 c5 8. c3
Nc6 9. Qe2 a6 10. O-O O-O 11. Rad1 Re8 12. Ne5 Qc8 13. Bg5 Qc7 14. f4 Rf8 15.
Qf2 Nxe5 16. fxe5 Ne4 17. Nxe4 dxe4 18. Bxe7 Qxe7 19. Bc2 f5 20. exf6 Rxf6 21.
Qg3 Raf8 22. Rxf6 Qxf6 23. dxc5 bxc5 24. Bb3 h5 25. Qd6 Bc8 26. Qxc5 Qf2+ 27.
Kh1 Qxb2 28. Qe7 Qxc3 29. Bxe6+ Bxe6 30. Qxe6+ Kh8 31. Qxe4 a5 32. Rd5 Qa1+ 33.
Kh2 Qxa2 34. Rxh5+ Kg8 35. Qh7+ Kf7 36. Rf5+ Ke8 37. Qh5+ Ke7 38. Rxa5 Qb2 39.
Qc5+ Kf7 40. Qd5+ Kg6 41. Qh5+ Kf6 42. Qf5+ 1-0

[Event "27. ekipno prvenstvo RH - I.B"]
[Site "Biograd, Hotel Adria"]
[Date "2018.09.21"]
[Round "7.55"]
[White "Vrban, Mladen"]
[Black "Rubil, Marko"]
[Result "1/2-1/2"]
[WhiteElo "2280"]
[BlackElo "2213"]
[PlyCount "44"]
[EventDate "2018.09.15"]
[WhiteTeam "ŠŠK PODRAVKA Koprivnica"]
[BlackTeam "ŠK ĐURO ĐAKOVIĆ Slavonski Brod"]

1. e4 e5 2. Nf3 Nc6 3. Nc3 Nf6 4. Bb5 Bd6 5. a3 O-O 6. d3 Nd4 7. Bc4 c6 8. g4
Bc5 9. h3 d5 10. Ba2 Re8 11. Rg1 dxe4 12. dxe4 Be6 13. g5 Nd7 14. Rg3 b5 15.
Be3 Bxa2 16. Nxa2 Nb6 17. c3 Nxf3+ 18. Qxf3 Bxe3 19. Qxe3 Qd6 20. Rd1 Qe6 21.
Nc1 Rad8 22. Qe2 Nc4 1/2-1/2

[Event "Biograd, Hotel Adria"]
[Site "Biograd, Hotel Adria"]
[Date "2018.09.22"]
[Round "8.11"]
[White "Sedlak, Nikola"]
[Black "Ruck, Robert"]
[Result "1/2-1/2"]
[WhiteElo "2587"]
[BlackElo "2502"]
[PlyCount "103"]
[EventDate "2018.09.15"]
[WhiteTeam "ŠK STRIDON Štrigova"]
[BlackTeam "ŠK ĐURO ĐAKOVIĆ Slavonski Brod"]

1. d4 Nf6 2. Nf3 g6 3. Bg5 Bg7 4. Nbd2 O-O 5. c3 d5 6. e3 Nbd7 7. Be2 c5 8. h3
b6 9. O-O Bb7 10. b4 c4 11. b5 Ne8 12. a4 Nd6 13. Bf4 Nf6 14. Qc2 a6 15. bxa6
Rxa6 16. Rfb1 Qc7 17. Qb2 Rfa8 18. a5 Rxa5 19. Rxa5 Rxa5 20. Bxd6 Qxd6 21. Bxc4
Nd7 22. Bf1 Bc6 23. Ne1 e6 24. Nc2 Bf8 25. Nb4 Bb7 26. Nb3 Ra8 27. Bb5 Nf6 28.
Nd2 Qc7 29. Nd3 Ra3 30. Rc1 Ra8 31. Qb1 Qd8 32. Ne5 Ba3 33. Rd1 Bd6 34. c4 Qc7
35. Qb2 Ba3 36. Qc3 Bd6 37. Nd3 dxc4 38. Nxc4 Ne4 39. Qb2 Bd5 40. Nxd6 Nxd6 41.
Nf4 Ra2 42. Qb1 Nxb5 43. Nxd5 Qc4 44. Nxb6 Qe2 45. Rf1 Nc3 46. Qe1 Qd3 47. Nd7
Re2 48. Qc1 Rc2 49. Qa1 Ra2 50. Qe1 Re2 51. Qa1 Ra2 52. Qe1 1/2-1/2

[Event "27. ekipno prvenstvo RH - I.B"]
[Site "Biograd, Hotel Adria"]
[Date "2018.09.22"]
[Round "8.13"]
[White "Krstic, Uros"]
[Black "Dabo-Peranic, Robert"]
[Result "1/2-1/2"]
[WhiteElo "2364"]
[BlackElo "2284"]
[PlyCount "40"]
[EventDate "2018.09.15"]
[WhiteTeam "ŠK STRIDON Štrigova"]
[BlackTeam "ŠK ĐURO ĐAKOVIĆ Slavonski Brod"]

1. d4 d5 2. Bf4 c5 3. e3 Nc6 4. c3 Bf5 5. Qb3 Qd7 6. Nd2 e6 7. Ngf3 f6 8. h4
Bd6 9. Bxd6 Qxd6 10. dxc5 Qxc5 11. Nd4 Nge7 12. Be2 Nxd4 13. cxd4 Qd6 14. Rc1
O-O 15. O-O Rfc8 16. Rc3 Rc6 17. a3 Rb6 18. Qa2 Rc8 19. Rfc1 Rbc6 20. Qb3 b6
1/2-1/2

[Event "27. ekipno prvenstvo RH - I.B"]
[Site "Biograd, Hotel Adria"]
[Date "2018.09.22"]
[Round "8.14"]
[White "Martic, Zlatko"]
[Black "Vernacki, Srdjan"]
[Result "1/2-1/2"]
[WhiteElo "2244"]
[BlackElo "2357"]
[PlyCount "63"]
[EventDate "2018.09.15"]
[WhiteTeam "ŠK ĐURO ĐAKOVIĆ Slavonski Brod"]
[BlackTeam "ŠK STRIDON Štrigova"]

1. d4 Nf6 2. Bg5 e6 3. e4 c5 4. c3 cxd4 5. Bxf6 Qxf6 6. cxd4 e5 7. Nf3 Nc6 8.
Bb5 exd4 9. O-O Bc5 10. Nbd2 O-O 11. Rc1 Bb6 12. Nc4 Bc7 13. Re1 a6 14. Bxc6
dxc6 15. Qxd4 Qxd4 16. Nxd4 Rd8 17. Nb3 b6 18. Ne3 Bb7 19. Nd5 Bxh2+ 20. Kxh2
cxd5 21. Rc7 Rab8 22. e5 Rdc8 23. Rec1 Rxc7 24. Rxc7 Bc8 25. Nd4 Kf8 26. f4 g6
27. Kg3 Ke8 28. Kh4 Bd7 29. Kg5 h5 30. Kf6 Rc8 31. Rxc8+ Bxc8 32. b4 1/2-1/2

[Event "27. ekipno prvenstvo RH - I.B"]
[Site "Biograd, Hotel Adria"]
[Date "2018.09.22"]
[Round "8.15"]
[White "Trbojevic, Mladen"]
[Black "Rubil, Marko"]
[Result "1-0"]
[WhiteElo "2353"]
[BlackElo "2213"]
[PlyCount "122"]
[EventDate "2018.09.15"]
[WhiteTeam "ŠK STRIDON Štrigova"]
[BlackTeam "ŠK ĐURO ĐAKOVIĆ Slavonski Brod"]

1. e4 e5 2. Nf3 Nc6 3. Bb5 a6 4. Ba4 Nf6 5. O-O Be7 6. d3 d6 7. c4 O-O 8. Nc3
Bg4 9. h3 Bxf3 10. Qxf3 Nd4 11. Qd1 c6 12. Ne2 Nd7 13. Nxd4 exd4 14. Bd2 g6 15.
Bh6 Re8 16. Qd2 Nc5 17. Bd1 Bf8 18. Bg5 Be7 19. Bf4 a5 20. Bg3 Bf8 21. f4 f5
22. exf5 gxf5 23. Bf2 Bg7 24. Bh5 Re6 25. Rae1 Qf6 26. Rxe6 Nxe6 27. g3 Qh6 28.
Qe2 Nc5 29. Rd1 Qe6 30. Qf3 Bf6 31. Re1 Qd7 32. g4 Kh8 33. g5 Bg7 34. Qe2 a4
35. Bf3 Kg8 36. h4 Kf8 37. Bh5 Rd8 38. Qf3 Qc7 39. Kg2 Qd7 40. Qe2 Bh8 41. Kg3
Bg7 42. Qc2 d5 43. Bf3 dxc4 44. Qxc4 b6 45. h5 Re8 46. h6 Bh8 47. Rxe8+ Qxe8
48. Qb4 Qd8 49. Bxc6 Be5 50. fxe5 Qxg5+ 51. Kh2 Qxh6+ 52. Kg1 Qg6+ 53. Bg2 f4
54. Qxd4 Nxd3 55. Qd8+ Kg7 56. Qc7+ Kh6 57. Qxb6 Nxe5 58. Qxg6+ hxg6 59. Bd4
Nd3 60. Bf1 Ne1 61. Kf2 Nc2 1-0

[Event "27. ekipno prvenstvo RH - I.B"]
[Site "Biograd, Hotel Adria"]
[Date "2018.09.22"]
[Round "8.16"]
[White "Matanovic, Luka"]
[Black "Tomasic, Roland"]
[Result "1-0"]
[WhiteElo "2251"]
[BlackElo "2166"]
[PlyCount "75"]
[EventDate "2018.09.15"]
[WhiteTeam "ŠK ĐURO ĐAKOVIĆ Slavonski Brod"]
[BlackTeam "ŠK STRIDON Štrigova"]

1. e4 c5 2. Nf3 d6 3. Bb5+ Nd7 4. O-O a6 5. Bd3 g6 6. c3 Qc7 7. Bc2 c4 8. b3 b5
9. a4 Rb8 10. Na3 Bg7 11. bxc4 b4 12. Nb1 Qxc4 13. d4 bxc3 14. Ra3 Qb4 15. Nxc3
e6 16. Qd3 Ne7 17. a5 Nc6 18. Ra4 Qb7 19. Ba3 Bf8 20. d5 Nce5 21. Qe3 Nxf3+ 22.
Qxf3 e5 23. Rc4 Be7 24. Na4 O-O 25. Qc3 Qa8 26. Bd3 Bb7 27. Nb6 Nxb6 28. axb6
Rbc8 29. Rc7 f5 30. Rc1 fxe4 31. Bxe4 Rfd8 32. Qh3 Rxc7 33. bxc7 Re8 34. Qe6+
Kf8 35. Rc3 Qc8 36. Rf3+ Kg7 37. Rf7+ Kh8 38. Rxh7+ 1-0

[Event "27. ekipno prvenstvo RH - I.B"]
[Site "Biograd, Hotel Adria"]
[Date "2018.09.22"]
[Round "8.21"]
[White "Livaic, Leon"]
[Black "Srbis, Jurica"]
[Result "1/2-1/2"]
[WhiteElo "2483"]
[BlackElo "2428"]
[PlyCount "73"]
[EventDate "2018.09.15"]
[WhiteTeam "HAŠK MLADOST Zagreb"]
[BlackTeam "ŠŠK PODRAVKA Koprivnica"]

1. d4 Nf6 2. c4 g6 3. Nc3 Bg7 4. e4 d6 5. h3 O-O 6. Be3 e5 7. d5 a5 8. g4 Na6
9. Nge2 Nc5 10. Ng3 Bd7 11. Qd2 c6 12. f3 cxd5 13. cxd5 a4 14. h4 Qa5 15. h5
Bxg4 16. fxg4 Nxg4 17. Nd1 Nxe3 18. Nxe3 Qd8 19. Ng4 Rc8 20. Kd1 Qb6 21. h6 Nb3
22. Qd3 Nxa1 23. hxg7 Qxb2 24. gxf8=Q+ Kxf8 25. Ne2 Nc2 26. Qd2 h5 27. Nc1 a3
28. Bd3 Nb4 29. Ne3 Rxc1+ 30. Qxc1 Qd4 31. Qc4 Qxe3 32. Qxb4 Qxd3+ 33. Kc1 Qe3+
34. Kb1 Qd3+ 35. Kc1 Qe3+ 36. Kb1 Qd3+ 37. Kc1 1/2-1/2

[Event "27. ekipno prvenstvo RH - I.B"]
[Site "Biograd, Hotel Adria"]
[Date "2018.09.22"]
[Round "8.22"]
[White "Ostovic, Matija"]
[Black "Plat, Vojtech"]
[Result "1/2-1/2"]
[WhiteElo "2390"]
[BlackElo "2540"]
[PlyCount "98"]
[EventDate "2018.09.15"]
[WhiteTeam "ŠŠK PODRAVKA Koprivnica"]
[BlackTeam "HAŠK MLADOST Zagreb"]

1. d4 d6 2. e4 Nf6 3. Nc3 e5 4. Nf3 exd4 5. Nxd4 Be7 6. Bc4 O-O 7. O-O Nc6 8.
h3 Ne5 9. Be2 c5 10. Nf3 Ng6 11. Re1 h6 12. Bc4 Be6 13. Qe2 Qc8 14. Bxe6 Qxe6
15. e5 dxe5 16. Nxe5 Nh4 17. Qc4 Qxc4 18. Nxc4 Rfe8 19. Bf4 Nf5 20. Nb5 Bf8 21.
Be5 Nd5 22. Nbd6 Nxd6 23. Bxd6 Red8 24. Bxf8 Kxf8 25. Rad1 Nb4 26. Ne3 g6 27.
Kf1 b5 28. a3 Nc6 29. c3 Ne5 30. b3 Nc6 31. b4 cxb4 32. cxb4 Ne5 33. Ke2 a6 34.
Rxd8+ Rxd8 35. Rc1 Rd6 36. Rc3 Ke7 37. Rc5 Ke6 38. g3 Nc6 39. f4 Nd4+ 40. Kf2
Nb3 41. Rc2 f5 42. g4 Nd2 43. gxf5+ gxf5 44. Ke2 Ne4 45. Kf3 h5 46. Ke2 h4 47.
Ng2 Ng3+ 48. Ke3 Nf1+ 49. Ke2 Ng3+ 1/2-1/2

[Event "27. ekipno prvenstvo RH - I.B"]
[Site "Biograd, Hotel Adria"]
[Date "2018.09.22"]
[Round "8.23"]
[White "Zilka, Stepan"]
[Black "Ivekovic, Zvonimir"]
[Result "1-0"]
[WhiteElo "2521"]
[BlackElo "2424"]
[PlyCount "105"]
[EventDate "2018.09.15"]
[WhiteTeam "HAŠK MLADOST Zagreb"]
[BlackTeam "ŠŠK PODRAVKA Koprivnica"]

1. e4 c5 2. Nf3 d6 3. d4 cxd4 4. Nxd4 Nf6 5. Nc3 a6 6. Be3 e5 7. Nb3 Be6 8. f3
Be7 9. Qd2 O-O 10. O-O-O a5 11. Qe1 Qc8 12. Na4 Nbd7 13. g4 Ne8 14. Bb5 Nc7 15.
Bxd7 Qxd7 16. Nb6 Qc6 17. Nxa5 Qb5 18. Nxa8 Rxa8 19. Nb3 d5 20. Qc3 Bd6 21. Qd3
Qc6 22. f4 exf4 23. e5 Bxe5 24. Bd4 Bd6 25. a3 Ra4 26. h3 b5 27. Bc3 Bd7 28.
Rhe1 Qb7 29. Bb4 Bxb4 30. axb4 Rxb4 31. Nc5 Qc6 32. Nxd7 Qxd7 33. b3 Qc6 34.
Kb2 g6 35. Qc3 Qd6 36. g5 d4 37. Qf3 Nd5 38. Re8+ Kg7 39. Ra1 Nc7 40. Re4 Ne6
41. Rxe6 Qxe6 42. Qxf4 Qc8 43. Rf1 Qc3+ 44. Kb1 Qc4 45. Rf3 Qd5 46. Kb2 Kg8 47.
Qf6 Rc4 48. bxc4 bxc4 49. Kc1 c3 50. Kd1 d3 51. Rxd3 Qh1+ 52. Ke2 Qg2+ 53. Ke3
1-0

[Event "27. ekipno prvenstvo RH - I.B"]
[Site "Biograd, Hotel Adria"]
[Date "2018.09.22"]
[Round "8.25"]
[White "Vujakovic, Branko"]
[Black "Vrban, Mladen"]
[Result "1/2-1/2"]
[WhiteElo "2340"]
[BlackElo "2280"]
[PlyCount "56"]
[EventDate "2018.09.15"]
[WhiteTeam "HAŠK MLADOST Zagreb"]
[BlackTeam "ŠŠK PODRAVKA Koprivnica"]

1. e4 c5 2. Nf3 d6 3. d4 cxd4 4. Nxd4 Nf6 5. Nc3 Nc6 6. Be2 Nxd4 7. Qxd4 g6 8.
Bg5 Bg7 9. Bb5+ Bd7 10. Bxd7+ Qxd7 11. Nd5 O-O 12. Bxf6 exf6 13. Nxf6+ Bxf6 14.
Qxf6 Qa4 15. O-O Qxc2 16. Rad1 Qxe4 17. Rxd6 Rae8 18. g3 Qe5 19. Qxe5 Rxe5 20.
Rd7 Rb5 21. b3 Rc8 22. Rfd1 Kg7 23. R1d3 Rc6 24. Kg2 a5 25. Rf3 Rf6 26. Rxf6
Kxf6 27. Kf3 h5 28. h4 Ke6 1/2-1/2

[Event "27. ekipno prvenstvo RH - I.B"]
[Site "Biograd, Hotel Adria"]
[Date "2018.09.22"]
[Round "8.31"]
[White "Sprenger, Jan Michael"]
[Black "Antunac, Goran"]
[Result "1/2-1/2"]
[WhiteElo "2490"]
[BlackElo "2359"]
[PlyCount "35"]
[EventDate "2018.09.15"]
[WhiteTeam "ŠK BRDA Split"]
[BlackTeam "AŠK JUNIOR Rijeka"]

1. e4 g6 2. d4 Bg7 3. Nf3 d6 4. Bc4 c6 5. O-O d5 6. Bb3 dxe4 7. Ng5 e6 8. Nxe4
Nf6 9. Bg5 h6 10. Nxf6+ Bxf6 11. Bxf6 Qxf6 12. Qd2 Nd7 13. Nc3 Qg7 14. d5 cxd5
15. Nxd5 exd5 16. Rfe1+ Kf8 17. Bxd5 Qf6 18. Re3 1/2-1/2

[Event "27. ekipno prvenstvo RH - I.B"]
[Site "Biograd, Hotel Adria"]
[Date "2018.09.22"]
[Round "8.32"]
[White "Mufic, Goran"]
[Black "Seyb, Alexander"]
[Result "1/2-1/2"]
[WhiteElo "2254"]
[BlackElo "2388"]
[PlyCount "92"]
[EventDate "2018.09.15"]
[WhiteTeam "AŠK JUNIOR Rijeka"]
[BlackTeam "ŠK BRDA Split"]

1. d4 Nf6 2. Nf3 g6 3. Bg5 Bg7 4. c3 d6 5. Nbd2 Nbd7 6. e3 b6 7. a4 a6 8. Be2
Bb7 9. O-O h6 10. Bh4 g5 11. Bg3 Nh5 12. Ne1 Nxg3 13. hxg3 e6 14. Bf3 d5 15. e4
O-O 16. exd5 exd5 17. Nd3 c5 18. dxc5 Nxc5 19. Nb3 Ne4 20. g4 d4 21. Re1 Re8
22. cxd4 Bxd4 23. Rc1 Bg7 24. Rc4 Nd6 25. Rxe8+ Qxe8 26. Rc7 Bxf3 27. Qxf3 Rd8
28. Rc6 Nc8 29. Nbc1 Rd6 30. Rxd6 Nxd6 31. Qd5 Ne4 32. Qc4 a5 33. b3 Nc3 34.
Kf1 Bf6 35. Ne1 Qd7 36. Ned3 Kg7 37. Ne2 Nb1 38. Kg1 Qe6 39. Qxe6 fxe6 40. f3
Nd2 41. Ndc1 Be7 42. Kf2 Bc5+ 43. Ke1 Bb4 44. Kf2 Bc5+ 45. Ke1 Bb4 46. Kf2 Bc5+
1/2-1/2

[Event "27. ekipno prvenstvo RH - I.B"]
[Site "Biograd, Hotel Adria"]
[Date "2018.09.22"]
[Round "8.33"]
[White "Rade, Miroslav"]
[Black "Ramesa, Davor"]
[Result "1-0"]
[WhiteElo "2395"]
[BlackElo "2303"]
[PlyCount "69"]
[EventDate "2018.09.15"]
[WhiteTeam "ŠK BRDA Split"]
[BlackTeam "AŠK JUNIOR Rijeka"]

1. e4 d6 2. d4 Nf6 3. Nc3 g6 4. Nf3 Bg7 5. Be2 O-O 6. O-O a6 7. Re1 Nc6 8. d5
Nb8 9. a4 e5 10. Nd2 Ne8 11. Nc4 f5 12. exf5 gxf5 13. f4 Nd7 14. Be3 Nef6 15.
Qd2 Qe8 16. fxe5 dxe5 17. Bh6 Bxh6 18. Qxh6 Qg6 19. Qxg6+ hxg6 20. a5 Ne8 21.
d6 Nxd6 22. Nxd6 cxd6 23. Rad1 Kg7 24. Rxd6 e4 25. Red1 Ne5 26. R1d5 Re8 27.
Rc5 Rb8 28. Rc7+ Kh6 29. Nd5 Rf8 30. Nf4 Rg8 31. Bh5 Kg5 32. g3 gxh5 33. Rh7 h4
34. Kg2 hxg3 35. Kxg3 1-0

[Event "27. ekipno prvenstvo RH - I.B"]
[Site "Biograd, Hotel Adria"]
[Date "2018.09.22"]
[Round "8.34"]
[White "Tomulic, Teo"]
[Black "Muha, Miljenko"]
[Result "0-1"]
[WhiteElo "2264"]
[BlackElo "2364"]
[PlyCount "140"]
[EventDate "2018.09.15"]
[WhiteTeam "AŠK JUNIOR Rijeka"]
[BlackTeam "ŠK BRDA Split"]

1. e4 e5 2. Nf3 Nc6 3. Bb5 a6 4. Ba4 Nf6 5. O-O Be7 6. Re1 b5 7. Bb3 O-O 8. c3
d6 9. h3 Nd7 10. d4 Na5 11. Bc2 exd4 12. cxd4 Re8 13. Nc3 Bb7 14. Bf4 Nc4 15.
b3 Ncb6 16. Qd3 g6 17. Rad1 b4 18. Ne2 a5 19. Ng3 c5 20. dxc5 Nxc5 21. Qd2 d5
22. exd5 Nxd5 23. Be5 Bf6 24. Qh6 Rxe5 25. Rxe5 Bxe5 26. Nxe5 Qf8 27. Qh4 Qe7
28. Qxe7 Nxe7 29. Nc4 f5 30. Ne2 Nd5 31. Nd6 Rd8 32. Nxb7 Nxb7 33. Bd3 Kg7 34.
Kf1 Nc5 35. Bc2 Ne6 36. Ke1 Kf6 37. g3 Ke7 38. h4 Rd6 39. h5 Nf6 40. hxg6 Rxd1+
41. Kxd1 hxg6 42. Kd2 Kd6 43. Bd3 Ng4 44. f3 Ne5 45. Ke3 Kc5 46. Bb1 Nc7 47. f4
Nd5+ 48. Kd2 Nd7 49. g4 fxg4 50. Bxg6 N7f6 51. Bf5 Nc7 52. Ke3 Nb5 53. Kd3 Nd6
54. Be6 Nde4 55. Ke3 Nc3 56. Nc1 Nfd5+ 57. Bxd5 Kxd5 58. f5 Ke5 59. f6 Nd5+ 60.
Kf2 Nxf6 61. Nd3+ Kf5 62. Nb2 Ne4+ 63. Ke3 Ng5 64. Nc4 g3 65. Nxa5 Kg4 66. Nc6
g2 67. Kf2 Kh3 68. Nd4 Kh2 69. Ne2 Ne4+ 70. Ke3 Nc3 0-1

[Event "27. ekipno prvenstvo RH - I.B"]
[Site "Biograd, Hotel Adria"]
[Date "2018.09.22"]
[Round "8.35"]
[White "Ivic, Mateo"]
[Black "Safar, Sandro"]
[Result "1/2-1/2"]
[WhiteElo "2223"]
[BlackElo "2214"]
[PlyCount "108"]
[EventDate "2018.09.15"]
[WhiteTeam "ŠK BRDA Split"]
[BlackTeam "AŠK JUNIOR Rijeka"]

1. e4 c5 2. Nf3 Nc6 3. d4 cxd4 4. Nxd4 g6 5. c4 Bg7 6. Be3 d6 7. Nc3 Nf6 8. Be2
Bd7 9. O-O O-O 10. f3 a5 11. Qd2 Nxd4 12. Bxd4 Bc6 13. b3 Nd7 14. Bf2 Nc5 15.
Rab1 Qc7 16. Rfc1 b6 17. Rc2 Be5 18. a3 Rfc8 19. Bd1 Qb7 20. Rcc1 Ne6 21. Be3
Nc7 22. Be2 b5 23. Nd5 Bxd5 24. cxd5 b4 25. axb4 axb4 26. Bd4 Bxd4+ 27. Qxd4
Ra2 28. Bf1 Na6 29. h4 Rxc1 30. Rxc1 Nc5 31. Bc4 Qa7 32. Bf1 f6 33. Rc4 Nxb3
34. Qxa7 Rxa7 35. Rxb4 Nc5 36. Rb2 Kf7 37. Kf2 f5 38. exf5 gxf5 39. Rb4 Kf6 40.
Rb8 f4 41. g4 fxg3+ 42. Kxg3 Nd7 43. Rd8 Ke5 44. Bd3 Nf6 45. Rh8 Kxd5 46. Bxh7
e6 47. Bg6 e5 48. h5 Ke6 49. h6 Ra1 50. Kg2 Ra2+ 51. Kg3 Ra1 52. Kg2 Ra7 53.
Kf2 Ra2+ 54. Kg3 Ra1 1/2-1/2

[Event "27. ekipno prvenstvo RH - I.B"]
[Site "Biograd, Hotel Adria"]
[Date "2018.09.22"]
[Round "8.36"]
[White "Horvat, Sasa"]
[Black "Krnic, Ivan"]
[Result "1/2-1/2"]
[WhiteElo "2175"]
[BlackElo "2116"]
[PlyCount "127"]
[EventDate "2018.09.15"]
[WhiteTeam "AŠK JUNIOR Rijeka"]
[BlackTeam "ŠK BRDA Split"]

1. e4 c5 2. Nf3 e6 3. d4 cxd4 4. Nxd4 a6 5. Be2 Qc7 6. c4 Nf6 7. Nc3 Nc6 8. Nc2
b6 9. O-O Bb7 10. b3 d6 11. Be3 Be7 12. Rc1 O-O 13. f4 Rad8 14. Bf3 Rfe8 15.
Kh1 Nd7 16. Qe1 Nc5 17. Qg3 Bf6 18. Bd2 Nd4 19. Nxd4 Bxd4 20. f5 Kh8 21. Bh5
exf5 22. exf5 Ne4 23. Nxe4 Bxe4 24. Bg5 Rb8 25. Qh4 Qb7 26. Bf3 f6 27. Bf4 Qc6
28. Rcd1 Bc5 29. Qh5 Re7 30. Bxe4 Rxe4 31. Rd3 Qe8 32. Qxe8+ Rbxe8 33. h3 Re1
34. Rxe1 Rxe1+ 35. Kh2 g5 36. Bxd6 Bg1+ 37. Kg3 h5 38. h4 Kg7 39. Bb4 Re4 40.
hxg5 fxg5 41. Bc3+ Kf7 42. Bd2 Rg4+ 43. Kf3 Bh2 44. Rd5 Kf6 45. Bc3+ Kf7 46.
Bd4 Rf4+ 47. Ke2 g4 48. Be3 Re4 49. Kd3 Re8 50. Bg5 Re1 51. Rd7+ Kg8 52. Rd8+
Kf7 53. Rd7+ Kg8 54. Kc2 Re5 55. Rd5 Re2+ 56. Rd2 Re5 57. Rd5 Re2+ 58. Kd3 Rxg2
59. f6 Rf2 60. Rd8+ Kh7 61. Rd7+ Kg8 62. Rd8+ Kh7 63. Rd7+ Kg8 64. Rd8+ 1/2-1/2

[Event "27. ekipno prvenstvo RH - I.B"]
[Site "Biograd, Hotel Adria"]
[Date "2018.09.22"]
[Round "8.41"]
[White "Pap, Misa"]
[Black "Medvegy, Zoltan"]
[Result "1/2-1/2"]
[WhiteElo "2482"]
[BlackElo "2543"]
[PlyCount "25"]
[EventDate "2018.09.15"]
[WhiteTeam "ŠK ŠIBENIK Šibenik"]
[BlackTeam "ŠK GORAN Bibinje"]

1. e4 c5 2. Nf3 Nc6 3. d4 cxd4 4. Nxd4 Nf6 5. Nc3 e5 6. Ndb5 d6 7. Bg5 a6 8.
Na3 b5 9. Nd5 Be7 10. Bxf6 Bxf6 11. c3 Bb7 12. Nc2 Nb8 13. Be2 1/2-1/2

[Event "27. ekipno prvenstvo RH - I.B"]
[Site "Biograd, Hotel Adria"]
[Date "2018.09.22"]
[Round "8.51"]
[White "Brkic, Ante"]
[Black "Saric, Ante"]
[Result "1/2-1/2"]
[WhiteElo "2565"]
[BlackElo "2535"]
[PlyCount "23"]
[EventDate "2018.09.15"]
[WhiteTeam "ŠK VINKOVCI Vinkovci"]
[BlackTeam "ŠK MORNAR Split"]

1. e4 c5 2. Nf3 Nc6 3. Bb5 d6 4. O-O Bd7 5. c3 Nf6 6. Re1 a6 7. Bf1 Bg4 8. h3
Bh5 9. d3 e6 10. Nbd2 Be7 11. a3 O-O 12. g3 1/2-1/2

[Event "27. ekipno prvenstvo RH - I.B"]
[Site "Biograd, Hotel Adria"]
[Date "2018.09.22"]
[Round "8.52"]
[White "Galyas, Miklos"]
[Black "Kadric, Denis"]
[Result "1/2-1/2"]
[WhiteElo "2512"]
[BlackElo "2543"]
[PlyCount "22"]
[EventDate "2018.09.15"]
[WhiteTeam "ŠK MORNAR Split"]
[BlackTeam "ŠK VINKOVCI Vinkovci"]

1. d4 d5 2. c4 c6 3. cxd5 cxd5 4. Bf4 Nc6 5. e3 Nf6 6. Nc3 Bf5 7. Bd3 Bxd3 8.
Qxd3 e6 9. Nf3 Bd6 10. Bxd6 Qxd6 11. O-O O-O 1/2-1/2